| 000 | 00804nam a22002295a 4500 | ||
|---|---|---|---|
| 003 | OSt | ||
| 005 | 20161020131427.0 | ||
| 008 | 161020s200? ua frb 000 0 ara d | ||
| 040 |
_aEG-ScBUE _bara _cEG-ScBUE |
||
| 082 | 0 | 4 |
_a340.59 _bم ح ج _222 |
| 082 | 0 | 4 |
_a297.14 _bم ح ج _222 |
| 100 | 1 | _aمحجوب، محمد علي. | |
| 245 | 1 | 4 |
_aالمدخل في التشريع الإسلامي. _nالجزء الأول / _cمحمد علي محجوب. |
| 260 |
_aالقاهرة : _bقسم الشريعة الإسلامية، الحقوق، _c[؟200] |
||
| 300 |
_aمج. 1. (269 ص.) ؛ _c24 سم. |
||
| 504 | _aIncludes bibliographical references. | ||
| 650 | 0 |
_aالشريعة الإسلامية _2BUEsh |
|
| 651 | _2BUEsh | ||
| 653 |
_bLLAAWW _cOctober2016 |
||
| 655 |
_vText book _933728 |
||
| 942 | _2ddc | ||
| 999 |
_c22739 _d22711 |
||